| 000 | 00422cam a2200169ua 4500 | ||
|---|---|---|---|
| 020 | _c22.50 | ||
| 041 |
_aeng _h |
||
| 082 |
_a531 _bGOL/CL |
||
| 100 | _aGoldslein, Herbert . | ||
| 245 |
_aClassical mechanics / _cHerbert Goldslein. _hTextual Documents |
||
| 260 |
_a : _bAddison-Wesley Publishing Company , _c1950. |
||
| 300 | _a399 ; . | ||
| 365 | _a22.50 | ||
| 504 | _a | ||
| 942 | _cBK | ||
| 999 |
_c2165 _d2165 |
||